Placer de la música
Salvato in:
| Autore principale: | |
|---|---|
| Natura: | Libro |
| Lingua: | spagnolo |
| Pubblicazione: |
Buenos Aires
Hachette
1953
|
| Soggetti: | |
| Tags: |
Aggiungi Tag
Nessun Tag, puoi essere il primo ad aggiungerne!!
|
MARC
| LEADER | 00000nam a2200000 a 4500 | ||
|---|---|---|---|
| 001 | UCN2930 | ||
| 003 | CL-VaPUC | ||
| 005 | 20240409103625.0 | ||
| 008 | 010615e19530000AG |||||||||||||||||spa|d | ||
| 999 | |c 295946 |d 295944 | ||
| 040 | |c Pontificia Universidad Católica de Valparaíso | ||
| 082 | 0 | 4 | |a 782.1 |b MAN |2 21 |
| 100 | |a Manuel, Roland |e autor |9 459222 | ||
| 245 | 1 | 0 | |a Placer de la música |
| 260 | |a Buenos Aires |b Hachette |c 1953 | ||
| 300 | |a v | ||
| 500 | |a v.3: De Beethoven a nuestros días | ||
| 500 | |a v.4: La ópera | ||
| 583 | |a last modification |c 20010615 00:00:00 |k Rodrigo Vera | ||
| 650 | 0 | |a Ópera |2 CL-VaPUC |9 306284 | |
| 650 | 0 | |a Entrevistas |9 265537 | |
| 650 | 0 | |a Música vocal |9 306287 | |
| 650 | 0 | |a Historia de la música |2 CL-VaPUC |9 306741 | |
| 942 | |c BK |2 ddc | ||
| 945 | |d 20010615 00:00:00 |a crobeson | ||
| 952 | |0 0 |1 0 |4 0 |6 782_100000000000000_MAN_1953 |7 0 |8 A |9 349400 |a BIBEDU |b BIBEDU |d 2019-11-20 |h v.3 |i 118637K |o 782.1 MAN 1953 |p 118637K |r 2023-11-22 |w 2019-11-20 |y BK |k MUS | ||
| 952 | |0 0 |1 0 |4 0 |6 782_100000000000000_MAN_1953 |7 0 |8 A |9 349401 |a BIBEDU |b BIBEDU |d 2019-11-20 |h v.4 |i 1186361 |o 782.1 MAN 1953 |p 1186361 |r 2023-11-22 |w 2019-11-20 |y BK |k MUS | ||